000 00505nam a22001577a 4500
003 OSt
005 20151101100717.0
008 151101b xxu||||| |||| 00| 0 eng d
040 _cRUA
082 _aFOR ទូច 1898 B115 Or.1
100 _93116
_aទូច ធា
245 _aវិធានការដាំស្រល់នៅតំបន់គីរីរម្យ ខេត្តកំពង់ស្ពឺ
260 _aPhnom Penh
_bRUA
_c1989
300 _a75p.
_bill.
_c29cm.
942 _2ddc
_cFOR
999 _c2905
_d2905